000 00281nam a2200121Ia 4500
008 190216s9999||||xx |||||||||||||| ||und||
100 _aGracious Benchamin
245 0 _aL D Clerck Question Bank
260 _bOriental Books
300 _a394
650 _aMalayalam
942 _cREF
999 _c37137
_d37137